[Event "BLR-ch sf"]
[White "Safonau, Yauheni"]
[Black "Darafeyuk, Kanstantsin"]
[Site "Minsk"]
[Round "2"]
[Result "1-0"]
[Date "2023.12.08"]
[WhiteElo "1720"]
[BlackElo "1098"]
[PlyCount "49"]
[EventDate "2023.12.07"]
[EventType "swiss"]
[EventRounds "9"]
[EventCountry "BLR"]
[SourceTitle "CBM 217 Extra"]
[Source "ChessBase"]
[SourceDate "2024.01.31"]
[SourceVersion "1"]
[SourceVersionDate "2024.01.31"]
[SourceQuality "1"]

1. e4 c5 2. Nf3 e6 3. d4 cxd4 4. Nxd4 Nf6 5. Nc3 a6 6. Be2 Nc6 7. 0-0 Qc7 8. Kh1 Be7 9. f4 d6 10. f5 Nxd4 11. Qxd4 Qc5 12. Qd3 exf5 13. exf5 Bd7 14. Be3 Qc7 15. Rad1 Rd8 16. Bd4 Bc6 17. Qe3 Rd7 18. Bxf6 gxf6 19. Bf3 0-0 20. Bd5 Kh8 21. Rf3 Bd8 22. Rh3 Rg8 23. Rd4 Re7 24. Rxh7+ Kxh7 25. Rh4+ 1-0

[Event "BLR-ch U18"]
[White "Runets, Ivan"]
[Black "Safonau, Yauheni"]
[Site "Orsha"]
[Round "9"]
[Result "1-0"]
[Date "2022.02.18"]
[WhiteElo "2209"]
[BlackElo "1745"]
[PlyCount "115"]
[EventDate "2022.02.10"]
[EventType "swiss"]
[EventRounds "9"]
[EventCountry "BLR"]
[SourceTitle "CBM 207 Extra"]
[Source "ChessBase"]
[SourceDate "2022.05.31"]
[SourceVersion "1"]
[SourceVersionDate "2022.05.31"]
[SourceQuality "1"]

1. d4 b6 2. e4 Bb7 3. Bd3 Nf6 4. Qe2 Nc6 5. c3 e5 6. Nf3 Bd6 7. Nbd2 0-0 8. d5 Ne7 9. 0-0 Ng6 10. Nc4 Qe7 11. g3 a5 12. Ne3 Bc5 13. Nf5 Qd8 14. Bg5 h6 15. Bd2 c6 16. c4 Re8 17. Bc3 b5 18. dxc6 dxc6 19. cxb5 cxb5 20. Bxb5 Bxe4 21. Bxe8 Bxf5 22. Qc4 Rc8 23. Bxf7+ Kf8 24. Bxg6 Bxf2+ 25. Rxf2 Rxc4 26. Bxf5 e4 27. Ne5 e3 28. Nxc4 exf2+ 29. Kxf2 Qe7 30. Ne3 Kf7 31. Rd1 a4 32. a3 g6 33. Bc2 Qe6 34. Rd4 g5 35. Rxa4 Qb6 36. Rb4 Qc6 37. Ra4 Qb7 38. Ra5 Ke6 39. Re5+ Kd6 40. Nf5+ Kc7 41. Rc5+ Kd7 42. Bxf6 Qh1 43. Ba4+ Ke6 44. Bd4 Qxh2+ 45. Ke3 Qg1+ 46. Kd3 Qh1 47. Re5+ Kf7 48. Re7+ Kg6 49. Be8+ Kxf5 50. Bd7+ Kg6 51. g4 Qf1+ 52. Kc3 Qc1+ 53. Kb4 Qd2+ 54. Kc4 Qc1+ 55. Kb5 Qf1+ 56. Kb6 h5 57. Bf5+ Kh6 58. Bg7# 1-0